[Event "Scottish International Open"]
[Site "Edinburgh, Scotland"]
[Date "2015.07.14"]
[Round "4"]
[White "Birkett, Richard"]
[Black "Van Rossum, Pia"]
[Result "1-0"]
[WhiteElo "2058"]
[BlackElo "1594"]
[PlyCount "39"]
[EventDate "2015.??.??"]
[Source "ChessScotland"]
[SourceDate "2015.07.19"]

1. e4 d6 2. d4 g6 3. Bc4 Bg7 4. Nf3 e6 5. Nbd2 b6 6. Qe2 Bb7 7. O-O Ne7 8. a4
a6 9. Rd1 O-O 10. e5 Nd7 11. Bb3 d5 12. c4 dxc4 13. Bxc4 Nd5 14. Ne4 Nb8 15.
Bg5 Qd7 16. Qd2 Nc6 17. Bxd5 f6 18. Bxc6 Bxc6 19. Nxf6+ Bxf6 20. Bxf6 1-0

[Event "Scottish International Open"]
[Site "Edinburgh, Scotland"]
[Date "2015.07.14"]
[Round "4"]
[White "Gillies, Craig"]
[Black "O`Neil, Jim"]
[Result "0-1"]
[WhiteElo "1582"]
[BlackElo "1967"]
[PlyCount "82"]
[EventDate "2015.??.??"]
[Source "ChessScotland"]
[SourceDate "2015.07.19"]

1. d4 Nf6 2. Nf3 g6 3. c4 c5 4. d5 b5 5. cxb5 a6 6. bxa6 Bxa6 7. Nc3 d6 8. e3
Bxf1 9. Kxf1 Bg7 10. g3 O-O 11. Kg2 Nbd7 12. Re1 Qb6 13. Qc2 Rfc8 14. b3 c4 15.
bxc4 Rxc4 16. Nd4 Qc5 17. Bd2 Nxd5 18. Rec1 Rc8 19. Nxd5 Qxd5+ 20. e4 Qxd4 21.
Qd1 Qxe4+ 22. f3 Qd3 23. Rxc4 Rxc4 24. Rc1 Rxc1 25. Qxc1 Qe2+ 26. Kh3 Qxf3 27.
a4 Qf5+ 28. Kg2 Qe4+ 29. Kh3 Qxa4 30. Kg2 Qe4+ 31. Kh3 Nc5 32. Be3 h5 33. Bxc5
dxc5 34. Qxc5 Qf5+ 35. Qxf5 gxf5 36. Kh4 Bf6+ 37. Kxh5 e5 38. h4 e4 39. Kh6 e3
40. h5 e2 41. g4 f4 0-1

[Event "Scottish International Open"]
[Site "Edinburgh, Scotland"]
[Date "2015.07.14"]
[Round "4"]
[White "Oxener, Aldo"]
[Black "Giacometto, Mario"]
[Result "0-1"]
[WhiteElo "1545"]
[BlackElo "1952"]
[PlyCount "108"]
[EventDate "2015.??.??"]
[Source "ChessScotland"]
[SourceDate "2015.07.19"]

1. e4 Nf6 2. Nc3 d6 3. d4 g6 4. Nf3 Bg7 5. Bc4 Nxe4 6. Bxf7+ Kxf7 7. Nxe4 Re8
8. O-O Kg8 9. c3 h6 10. Bf4 Bd7 11. Qd2 Kh7 12. h4 Bf5 13. Ng3 Nd7 14. Nxf5
gxf5 15. Qc2 Rf8 16. g4 e5 17. dxe5 Nxe5 18. Nxe5 Bxe5 19. Bg3 Qf6 20. Kg2 Qg6
21. f4 Bg7 22. g5 Rae8 23. Rh1 h5 24. Rhe1 Qf7 25. a3 Kg6 26. Rad1 Rxe1 27.
Rxe1 Re8 28. Re2 Qd5+ 29. Kh2 Re4 30. Rxe4 fxe4 31. Bf2 Kf5 32. Be3 Qd3 33. Qf2
a6 34. Qd2 b5 35. Qf2 c5 36. Qg3 Qe2+ 37. Bf2 Qf1 38. g6 Bh6 39. Be3 Qe2+ 40.
Kh3 Qf1+ 41. Kh2 Qe2+ 42. Kh3 Qf3 43. Qxf3 exf3 44. Kg3 f2 45. Bxf2 Bxf4+ 46.
Kf3 Be5 47. Bg3 Kxg6 48. Bxe5 dxe5 49. Ke4 Kf6 50. b3 Ke6 51. Kd3 Kf5 52. c4
e4+ 53. Ke3 bxc4 54. bxc4 Ke5 0-1

[Event "Scottish International Open"]
[Site "Edinburgh, Scotland"]
[Date "2015.07.14"]
[Round "4"]
[White "Aitchison, A Keith"]
[Black "Smith, Callum"]
[Result "1-0"]
[WhiteElo "1837"]
[BlackElo "1543"]
[PlyCount "141"]
[EventDate "2015.??.??"]
[Source "ChessScotland"]
[SourceDate "2015.07.19"]

1. e4 c6 2. d4 d5 3. exd5 cxd5 4. c4 Nf6 5. Nc3 Bf5 6. Nf3 e6 7. c5 Nc6 8. Bb5
a6 9. Bxc6+ bxc6 10. Qa4 Qc7 11. Ne5 Bxc5 12. Nxc6 Bb6 13. Ne5+ Nd7 14. Bf4 Qb7
15. O-O f6 16. Nxd7 Qxd7 17. Qb4 Bd8 18. Rfe1 Be7 19. Qa4 Qxa4 20. Nxa4 Kf7 21.
Rac1 Rac8 22. Nc3 Bb4 23. a3 Bxc3 24. Rxc3 Rxc3 25. bxc3 Rc8 26. Rc1 Bd3 27.
Bd6 Ke8 28. Bb4 Kd7 29. f4 Kc6 30. a4 Ra8 31. Ba5 Re8 32. Kf2 e5 33. Re1 e4 34.
Ke3 f5 35. Ra1 Rb8 36. Bb4 h6 37. h4 Rg8 38. Be7 Kd7 39. Bb4 g5 40. hxg5 hxg5
41. Rh1 gxf4+ 42. Kxf4 Rxg2 43. Rh7+ Ke6 44. Rh6+ Kf7 45. Kxf5 Rf2+ 46. Ke5 Bc4
47. Ba3 Ra2 48. Bc1 Rxa4 49. Bg5 Ra2 50. Rf6+ Kg7 51. Bh6+ Kh7 52. Bf4 Rc2 53.
Rh6+ Kg7 54. Kf5 Rf2 55. Rg6+ Kf7 56. Rf6+ Ke7 57. Re6+ Kd7 58. Rd6+ Kc8 59.
Ke5 Rg2 60. Rf6 Rg8 61. Kd6 a5 62. Kc6 a4 63. Rf7 Rg6+ 64. Bd6 Bb5+ 65. Kxd5
Bc4+ 66. Kxc4 Rxd6 67. Ra7 e3 68. Rxa4 e2 69. Ra1 Re6 70. Re1 Re3 71. Kb3 1-0

[Event "Scottish International Open"]
[Site "Edinburgh, Scotland"]
[Date "2015.07.14"]
[Round "4"]
[White "Brown, Gerry"]
[Black "Brown, Allan D"]
[Result "1/2-1/2"]
[WhiteElo "1468"]
[BlackElo "1798"]
[PlyCount "55"]
[EventDate "2015.??.??"]
[Source "ChessScotland"]
[SourceDate "2015.07.19"]

1. Nf3 d5 2. d4 Nf6 3. g3 e6 4. Bg2 c5 5. O-O Nc6 6. b3 Be7 7. Bb2 O-O 8. Nbd2
Bd7 9. c4 cxd4 10. Nxd4 Rc8 11. e4 Qb6 12. Nxc6 Bxc6 13. exd5 exd5 14. cxd5 Bb5
15. Nc4 Bxc4 16. Bd4 Bc5 17. Bxc5 Qxc5 18. bxc4 Qxc4 19. Qb3 Qa6 20. Rfd1 Rfd8
21. Rd2 Ne8 22. Rad1 Nd6 23. Bf1 Qa5 24. h3 a6 25. a4 b5 26. axb5 axb5 27. Rb2
Rb8 28. Qb4 1/2-1/2

[Event "Scottish International Open"]
[Site "Edinburgh, Scotland"]
[Date "2015.07.14"]
[Round "4"]
[White "McKinney, Stuart"]
[Black "Opasiak, Dustin Tennessee"]
[Result "0-1"]
[WhiteElo "1364"]
[BlackElo "1791"]
[PlyCount "90"]
[EventDate "2015.??.??"]
[Source "ChessScotland"]
[SourceDate "2015.07.19"]

1. e4 e6 2. d4 d5 3. Nc3 Nf6 4. e5 Nfd7 5. Nce2 c5 6. c3 Nc6 7. f4 cxd4 8. cxd4
Qa5+ 9. Nc3 Bb4 10. Nge2 O-O 11. Bd2 a6 12. a3 Be7 13. b4 Qb6 14. Na4 Qa7 15.
Nc5 b6 16. Nb3 f6 17. Rc1 Qb7 18. Qc2 Ndb8 19. Ng3 fxe5 20. dxe5 Bh4 21. Bd3 h6
22. O-O Qf7 23. Ne2 Bb7 24. Ned4 Rc8 25. Qb1 Bd8 26. b5 Nxd4 27. Rxc8 Nf3+ 28.
Rxf3 Bxc8 29. a4 Be7 30. Be3 Nd7 31. Qc2 Qf8 32. Qc6 Ra7 33. Qxe6+ Kh8 34. Qc6
axb5 35. Bxb5 Nc5 36. Nd4 Nxa4 37. Qxd5 Bb7 38. Bc6 Ra5 39. Qe6 Nc5 40. Qh3 Ba6
41. g4 Nd3 42. Bf2 Ra1+ 43. Kg2 Nxf4+ 44. Rxf4 Qxf4 45. Qb3 Bf1+ 0-1

[Event "Scottish International Open"]
[Site "Edinburgh, Scotland"]
[Date "2015.07.14"]
[Round "4"]
[White "Milton, Carl"]
[Black "Forbes, Alistair"]
[Result "1/2-1/2"]
[WhiteElo "1777"]
[BlackElo "1418"]
[PlyCount "92"]
[EventDate "2015.??.??"]
[Source "ChessScotland"]
[SourceDate "2015.07.19"]

1. d4 Nf6 2. c4 e6 3. Nf3 d5 4. Bg5 Be7 5. Nc3 O-O 6. e3 h6 7. Bh4 Nbd7 8. Rc1
c5 9. cxd5 exd5 10. Bd3 b6 11. O-O Bb7 12. Qe2 Ne4 13. Bxe7 Qxe7 14. Ba6 Rab8
15. Bxb7 Rxb7 16. Nxd5 Qe6 17. Nc3 Nxc3 18. bxc3 b5 19. Rb1 b4 20. dxc5 Nxc5
21. cxb4 Rfb8 22. Qc2 Qb6 23. Nd2 Na6 24. a3 Rc7 25. Qb2 Nc5 26. Qd4 Na4 27.
Qxb6 axb6 28. Nb3 Nc3 29. Rb2 Ra8 30. Ra1 Nb5 31. a4 Rc4 32. Na5 bxa5 33. axb5
Rac8 34. Kf1 axb4 35. Rab1 R4c7 36. Rxb4 Rb7 37. b6 Rc6 38. R1b2 Kf8 39. Ke2
Rd6 40. e4 Ke7 41. f4 Kd7 42. g3 Kc6 43. Rc2+ Kd7 44. Rcb2 Kc6 45. Rc2+ Kd7 46.
Rcb2 Kc6 1/2-1/2

[Event "Scottish International Open"]
[Site "Edinburgh, Scotland"]
[Date "2015.07.14"]
[Round "4"]
[White "MacGilchrist, Siegrun"]
[Black "D'Costa, Leston"]
[Result "1-0"]
[WhiteElo "1746"]
[BlackElo "1515"]
[PlyCount "97"]
[EventDate "2015.??.??"]
[Source "ChessScotland"]
[SourceDate "2015.07.19"]

1. c4 f5 2. d4 e6 3. Nf3 Nf6 4. Nc3 d5 5. Bg5 c6 6. e3 Bd6 7. c5 Bc7 8. Be2 O-O
9. O-O Nbd7 10. b4 a6 11. g3 e5 12. Nh4 g6 13. a4 Qe8 14. Ra3 Ne4 15. Bh6 Nxc3
16. Rxc3 Rf7 17. Nf3 Nf6 18. dxe5 Bxe5 19. Nxe5 Qxe5 20. Qd4 Qxd4 21. exd4 Re7
22. Bd1 Bd7 23. Bg5 Kf7 24. Re3 Re4 25. Rxe4 Nxe4 26. Bf4 Re8 27. Be5 Nd2 28.
Re1 Nc4 29. f4 Nxe5 30. fxe5 Ke6 31. g4 f4 32. h4 h6 33. g5 h5 34. Bc2 Rf8 35.
Bxg6 Be8 36. Bxe8 Rxe8 37. Kf2 Kf5 38. Kf3 Re6 39. Rg1 Rg6 40. Rb1 Re6 41. b5
axb5 42. axb5 Re8 43. bxc6 bxc6 44. Rb7 Ra8 45. Rf7+ Ke6 46. Rf6+ Kd7 47. Kxf4
Ra1 48. g6 Rf1+ 49. Kg5 1-0

[Event "Scottish International Open"]
[Site "Edinburgh, Scotland"]
[Date "2015.07.14"]
[Round "4"]
[White "Heron, Donald"]
[Black "Doris, Peter"]
[Result "1-0"]
[WhiteElo "1714"]
[BlackElo "1256"]
[PlyCount "72"]
[EventDate "2015.??.??"]
[Source "ChessScotland"]
[SourceDate "2015.07.19"]

1. c4 Nf6 2. g3 e5 3. Bg2 Bc5 4. Nc3 d6 5. e3 Nc6 6. a3 a6 7. Nge2 Bg4 8. h3
Bh5 9. g4 Bg6 10. d4 exd4 11. exd4 Ba7 12. f4 h6 13. f5 Bh7 14. Bf4 Qd7 15. b4
O-O-O 16. Qd2 Rhe8 17. O-O-O Re7 18. Qb2 Rde8 19. c5 Kb8 20. Ng3 d5 21. Qb3 Ne4
22. Ngxe4 dxe4 23. Nd5 f6 24. Nxc7 Kc8 25. Ne6 Bg8 26. d5 Ne5 27. Bxe4 Qb5 28.
Bxe5 Bxe6 29. fxe6 fxe5 30. Bd3 Qxc5+ 31. bxc5 Bxc5 32. Kb2 Bd4+ 33. Ka2 Rf8
34. Rc1+ Kb8 35. d6 Rf2+ 36. Rc2 Rxc2+ 1-0

[Event "Scottish International Open"]
[Site "Edinburgh, Scotland"]
[Date "2015.07.14"]
[Round "4"]
[White "Smith, Rachel"]
[Black "Roth, Michael J"]
[Result "0-1"]
[WhiteElo "1316"]
[BlackElo "1714"]
[PlyCount "60"]
[EventDate "2015.??.??"]
[Source "ChessScotland"]
[SourceDate "2015.07.19"]

1. d4 Nf6 2. Bg5 Ne4 3. Nf3 c5 4. e3 Nxg5 5. Nxg5 cxd4 6. exd4 h6 7. Nf3 d5 8.
Bd3 Qb6 9. b3 Bg4 10. Nbd2 Nc6 11. c3 e5 12. Be2 e4 13. Ne5 Bxe2 14. Qxe2 Nxe5
15. dxe5 Qe6 16. c4 Qxe5 17. cxd5 Qxa1+ 18. Qd1 Qxd1+ 19. Kxd1 Rd8 20. Nxe4
Rxd5+ 21. Ke2 Bb4 22. Rc1 Kd7 23. Rc4 a5 24. f4 f5 25. a3 Bxa3 26. Nc3 Re8+ 27.
Kf2 Rd2+ 28. Kg3 Re3+ 29. Kh4 g6 30. Nb5 Be7# 0-1

[Event "Scottish International Open"]
[Site "Edinburgh, Scotland"]
[Date "2015.07.14"]
[Round "4"]
[White "MacRae, James S"]
[Black "Smith, Sarah"]
[Result "1/2-1/2"]
[WhiteElo "1689"]
[BlackElo "888"]
[PlyCount "108"]
[EventDate "2015.??.??"]
[Source "ChessScotland"]
[SourceDate "2015.07.19"]

1. b3 f5 2. Bb2 Nf6 3. Nf3 e6 4. e3 b6 5. d4 Bb7 6. c4 Bb4+ 7. Bc3 a5 8. a3
Bxc3+ 9. Nxc3 d6 10. Bd3 Nbd7 11. O-O O-O 12. Qe2 Ne4 13. Rfc1 Rf6 14. Bxe4
Bxe4 15. Nxe4 fxe4 16. Nd2 d5 17. Rc2 c5 18. f3 exf3 19. Nxf3 Rg6 20. Re1 Qe7
21. e4 a4 22. Qd3 cxd4 23. b4 dxe4 24. Qxe4 Rd8 25. Nxd4 Re8 26. Nf3 e5 27.
Rce2 Re6 28. Nd4 Rf6 29. Nc6 Qd6 30. Qd5+ Rfe6 31. Qxd6 Rxd6 32. Na7 Rd3 33.
Re3 Rd4 34. Re4 Rd3 35. R1e3 Rd2 36. Nc6 Rd1+ 37. Kf2 Rf8+ 38. Kg3 Re8 39. Re1
Rd3+ 40. R4e3 Rd6 41. Nxe5 Nxe5 42. Rxe5 Rg6+ 43. Kf2 Rf8+ 44. Kg1 Rg4 45. R5e4
Rg5 46. Re8 Rg4 47. Rxf8+ Kxf8 48. Rc1 Ke7 49. c5 bxc5 50. bxc5 Kd7 51. Kf2 Re4
52. Kf3 Re5 53. c6+ Kc7 54. Rc4 Ra5 1/2-1/2

[Event "Scottish International Open"]
[Site "Edinburgh, Scotland"]
[Date "2015.07.14"]
[Round "4"]
[White "McKay, Jonathan"]
[Black "Heathwood, Richard"]
[Result "0-1"]
[WhiteElo "1053"]
[BlackElo "1672"]
[PlyCount "54"]
[EventDate "2015.??.??"]
[Source "ChessScotland"]
[SourceDate "2015.07.19"]

1. c4 e6 2. g3 Nf6 3. Bg2 d5 4. Nf3 Be7 5. O-O O-O 6. d4 c6 7. Nc3 Nbd7 8. Bg5
h6 9. Bxf6 Nxf6 10. Ne5 Qc7 11. Qc2 Bd7 12. Rae1 Rac8 13. e4 dxe4 14. Bxe4 Nxe4
15. Rxe4 c5 16. d5 Bd6 17. dxe6 Bxe6 18. Ng6 Bf5 19. Nxf8 Bxe4 20. Qxe4 Bxf8
21. Nd5 Qc6 22. Qg4 Re8 23. f4 Qe6 24. f5 Qe5 25. Qh4 Bd6 26. Rf3 Qe1+ 27. Kg2
Re2+ 0-1

[Event "Scottish International Open"]
[Site "Edinburgh, Scotland"]
[Date "2015.07.14"]
[Round "4"]
[White "Nisbet, Charles"]
[Black "Stuart, Joseph Maxwell"]
[Result "1-0"]
[WhiteElo "1636"]
[BlackElo "1210"]
[PlyCount "55"]
[EventDate "2015.??.??"]
[Source "ChessScotland"]
[SourceDate "2015.07.19"]

1. e4 e5 2. Bc4 Nf6 3. d3 d6 4. f4 Be7 5. Nf3 Nc6 6. O-O O-O 7. Nc3 a6 8. a4
Bd7 9. Kh1 exf4 10. Bxf4 Ne5 11. Ba2 h6 12. Qd2 Nh7 13. Nd5 Nc6 14. Rae1 Kh8
15. e5 dxe5 16. Nxe5 Nxe5 17. Bxe5 Bd6 18. Bxd6 cxd6 19. Nc3 Bc6 20. Bxf7 Ng5
21. Bd5 Qd7 22. b3 Rae8 23. Qd1 Rxf1+ 24. Rxf1 Bxd5 25. Nxd5 Qe6 26. Nc7 Qe2
27. Nxe8 Qxe8 28. Qe1 1-0

[Event "Scottish International Open"]
[Site "Edinburgh, Scotland"]
[Date "2015.07.14"]
[Round "4"]
[White "Hartman, James"]
[Black "McGillivray, Calum"]
[Result "1/2-1/2"]
[WhiteElo "1003"]
[BlackElo "1589"]
[PlyCount "76"]
[EventDate "2015.??.??"]
[Source "ChessScotland"]
[SourceDate "2015.07.19"]

1. d4 d5 2. c4 c6 3. Nc3 e6 4. Bf4 f5 5. Nf3 Nf6 6. e3 Bd6 7. Bg3 Bxg3 8. fxg3
O-O 9. Be2 Ne4 10. Qc2 Nd7 11. O-O Ndf6 12. Ne5 Bd7 13. Rad1 Qe7 14. Bd3 Rad8
15. Nxe4 fxe4 16. Be2 Bc8 17. b3 Nd7 18. Nxd7 Bxd7 19. Rf4 Rf6 20. Rdf1 Rdf8
21. c5 e5 22. dxe5 Qxe5 23. Qd2 g5 24. Rxf6 Rxf6 25. Rxf6 Qxf6 26. Qd4 Qxd4 27.
exd4 Kf7 28. Kf2 b6 29. b4 bxc5 30. bxc5 a5 31. a3 Kg6 32. Ke3 h5 33. h3 g4 34.
hxg4 Bxg4 35. Bxg4 hxg4 36. Kf4 Kh5 37. a4 e3 38. Kxe3 Kg5 1/2-1/2

[Event "Scottish International Open"]
[Site "Edinburgh, Scotland"]
[Date "2015.07.14"]
[Round "4"]
[White "Connolly Sams, Dietah"]
[Black "Armaan, Jal Gala"]
[Result "0-1"]
[WhiteElo "829"]
[BlackElo "1551"]
[PlyCount "120"]
[EventDate "2015.??.??"]
[Source "ChessScotland"]
[SourceDate "2015.07.19"]

1. d4 b6 2. c4 Bb7 3. Nc3 e6 4. Bf4 Bb4 5. Qb3 Ba5 6. Nf3 Qf6 7. Be5 Qg6 8. e3
Nf6 9. Rd1 Ne4 10. Bxc7 d6 11. Qa4+ Bc6 12. Qa3 Bxc3+ 13. bxc3 Kd7 14. Bxb8
Raxb8 15. Qxa7+ Rb7 16. Qa3 Rc7 17. Rg1 Ra8 18. Qb2 Nxc3 19. Qxc3 Bxf3 20. Bd3
Be4 21. f3 Bxd3 22. Rxd3 Rxa2 23. Rd2 Ra4 24. c5 Qb1+ 25. Rd1 Qb4 26. Qxb4 Rxb4
27. cxb6 Rxb6 28. Kf2 Rb5 29. Ra1 Rc2+ 30. Kg3 Rg5+ 31. Kh3 d5 32. Ra7+ Ke8 33.
Ra8+ Ke7 34. g4 f5 35. f4 Rxg4 36. Rxg4 fxg4+ 37. Kxg4 Rxh2 38. Ra7+ Kf6 39.
Kg3 Rc2 40. Ra8 Rc7 41. Rf8+ Rf7 42. Rxf7+ Kxf7 43. Kg4 Kg6 44. Kf3 Kf5 45. Kg3
h6 46. Kh4 g5+ 47. fxg5 hxg5+ 48. Kg3 Ke4 49. Kg4 Kxe3 50. Kxg5 Kxd4 51. Kf4
e5+ 52. Kf3 Kd3 53. Kf2 Kd2 54. Kf3 e4+ 55. Kf2 e3+ 56. Kg2 e2 57. Kh2 e1=Q 58.
Kg2 Ke3 59. Kh2 Kf3 60. Kh3 Qg3# 0-1

[Event "Scottish International Open"]
[Site "Edinburgh, Scotland"]
[Date "2015.07.14"]
[Round "4"]
[White "Connolly Sams, Lukah"]
[Black "Pearson, Walter"]
[Result "1-0"]
[WhiteElo "1345"]
[BlackElo "1623"]
[PlyCount "125"]
[EventDate "2015.??.??"]
[Source "ChessScotland"]
[SourceDate "2015.07.19"]

1. d4 d5 2. c4 e6 3. Nc3 Nf6 4. Nf3 Be7 5. Bf4 O-O 6. e3 c6 7. cxd5 exd5 8. Bd3
h6 9. Qa4 Bd6 10. Bxd6 Qxd6 11. Rc1 Nbd7 12. b4 b5 13. Qb3 Nb6 14. Nd1 Nc4 15.
Nb2 Nd7 16. Qc2 Ndb6 17. Qc3 Bg4 18. Ne5 Be6 19. Nbxc4 dxc4 20. Be4 Bd5 21.
Bxd5 Nxd5 22. Qd2 f6 23. Ng6 Rfe8 24. a3 Re4 25. g3 Kf7 26. Nh4 g6 27. O-O Rae8
28. Ng2 g5 29. Rfe1 R4e6 30. Qd1 Nb6 31. Qh5+ Kg7 32. Qg4 Re4 33. f4 Qe6 34.
Qxe6 R4xe6 35. Kf2 Na4 36. Rc2 Kg6 37. Kf3 f5 38. h3 Kf6 39. g4 fxg4+ 40. hxg4
gxf4 41. Nxf4 Re4 42. d5 cxd5 43. Nxd5+ Kg5 44. Nf4 c3 45. Rh2 Rc4 46. Rh5+ Kf6
47. Rxh6+ Kg7 48. Rh2 c2 49. Rc1 Rec8 50. Ne6+ Kf6 51. Nd4 a6 52. Rhxc2 Rxc2
53. Rxc2 Rc3 54. Rxc3 Nxc3 55. Kf4 Nb1 56. Nc2 Nd2 57. g5+ Kg6 58. e4 Nc4 59.
e5 Kf7 60. Kf5 Kg7 61. g6 a5 62. bxa5 Nxa5 63. Nd4 1-0

[Event "Scottish International Open"]
[Site "Edinburgh, Scotland"]
[Date "2015.07.14"]
[Round "4"]
[White "Hegde, Stuthi"]
[Black "Berera, Siddharth"]
[Result "0-1"]
[WhiteElo "1241"]
[BlackElo "1457"]
[PlyCount "104"]
[EventDate "2015.??.??"]
[Source "ChessScotland"]
[SourceDate "2015.07.19"]

1. d4 d5 2. c4 c6 3. Nf3 Nf6 4. Qc2 e6 5. Bf4 Bd6 6. Bxd6 Qxd6 7. Nbd2 Nbd7 8.
a3 O-O 9. e4 dxe4 10. Nxe4 Nxe4 11. Qxe4 Nf6 12. Qe5 Rd8 13. Be2 b6 14. O-O Bb7
15. Rfd1 Rac8 16. Rac1 Qxe5 17. dxe5 Ne4 18. Rxd8+ Rxd8 19. Rd1 Rxd1+ 20. Bxd1
Nc5 21. Bc2 Kf8 22. Kf1 Ba6 23. b3 Nd7 24. h3 c5 25. Ke1 Bb7 26. Ke2 Bxf3+ 27.
Kxf3 Nxe5+ 28. Ke3 Ke7 29. Be4 f5 30. Bc2 Kd6 31. f4 Nc6 32. Bd1 a5 33. Bc2 Nd4
34. Bd1 h6 35. a4 g5 36. g3 e5 37. fxg5 hxg5 38. Kd3 e4+ 39. Ke3 Ke5 40. Kd2 f4
41. gxf4+ gxf4 42. Ke1 Kf5 43. Kf2 e3+ 44. Ke1 f3 45. h4 e2 46. Bxe2 fxe2 47.
h5 Kg5 48. Kd2 Kxh5 49. Ke1 Kg4 50. Kd2 Kf3 51. Ke1 Ke3 52. b4 Nc2# 0-1

[Event "Scottish International Open"]
[Site "Edinburgh, Scotland"]
[Date "2015.07.14"]
[Round "4"]
[White "Smith, Mark J"]
[Black "Tramontano, Fulvio"]
[Result "1/2-1/2"]
[WhiteElo "1440"]
[BlackElo "1325"]
[PlyCount "78"]
[EventDate "2015.??.??"]
[Source "ChessScotland"]
[SourceDate "2015.07.19"]

1. e4 e5 2. Nf3 Nf6 3. Nxe5 Qe7 4. d4 d6 5. Nf3 Nxe4 6. Be3 g6 7. Bc4 Bh6 8.
O-O Bxe3 9. fxe3 Bg4 10. Nbd2 f5 11. h3 Bh5 12. c3 Nd7 13. Qb3 O-O-O 14. Nxe4
Qxe4 15. Rae1 Nb6 16. Be6+ Kb8 17. Ng5 Qc6 18. Nf7 d5 19. Nxd8 Rxd8 20. Bxd5
Qxd5 21. Qxd5 Rxd5 22. e4 fxe4 23. Rf8+ Nc8 24. g4 b6 25. Rxe4 Kb7 26. Re5 Rd7
27. gxh5 gxh5 28. Rxh5 Re7 29. Kf2 Nd6 30. Rh8 Ne4+ 31. Kf3 Nd2+ 32. Kf2 Ne4+
33. Kg2 Rg7+ 34. Kf3 Ng5+ 35. Ke3 Re7+ 36. Kf4 Ne6+ 37. Kg3 Rg7+ 38. Kf2 Rf7+
39. Kg3 Rg7+ 1/2-1/2

[Event "Scottish International Open"]
[Site "Edinburgh, Scotland"]
[Date "2015.07.14"]
[Round "4"]
[White "McCulloch, Andrew"]
[Black "Hope, Iain"]
[Result "0-1"]
[WhiteElo "1200"]
[BlackElo "1349"]
[PlyCount "92"]
[EventDate "2015.??.??"]
[Source "ChessScotland"]
[SourceDate "2015.07.19"]

1. d4 Nf6 2. Nf3 e6 3. c4 b6 4. e3 Bb7 5. Bd3 Bb4+ 6. Bd2 Nc6 7. O-O O-O 8. a3
Bxd2 9. Nbxd2 d5 10. Qc2 Re8 11. Rad1 Nb8 12. Ne5 Nbd7 13. Ndf3 g6 14. Ng5 Nxe5
15. dxe5 Nd7 16. Nf3 Nc5 17. Be2 Qe7 18. Nd2 dxc4 19. Bf3 Bxf3 20. Nxf3 b5 21.
Nd4 a6 22. Rd2 Qf8 23. Rfd1 Nd3 24. Ra1 Nxe5 25. Ne2 Red8 26. Rad1 Rxd2 27.
Rxd2 Rd8 28. Rxd8 Qxd8 29. Nc3 Qd3 30. Qc1 Nc6 31. Na2 Na5 32. Nb4 Qd6 33. h3
Nb3 34. Qc2 c5 35. Na2 Qd3 36. Qxd3 cxd3 37. Nc3 b4 38. Nd1 a5 39. e4 Nd4 40.
Kf1 Nb5 41. a4 Nd4 42. Ke1 c4 43. f3 f5 44. e5 f4 45. Kd2 Nb3+ 46. Ke1 Nc5 0-1

[Event "Scottish International Open"]
[Site "Edinburgh, Scotland"]
[Date "2015.07.15"]
[Round "5"]
[White "Green, Andrew D"]
[Black "McNab, Colin Anderson"]
[Result "0-1"]
[WhiteElo "2173"]
[BlackElo "2443"]
[PlyCount "88"]
[EventDate "2015.??.??"]
[Source "ChessScotland"]
[SourceDate "2015.07.19"]
[WhiteClock "0:30:08"]
[BlackClock "0:51:54"]

1. d4 g6 2. e4 Bg7 3. Nc3 d6 4. Be3 Nf6 5. Qd2 O-O 6. Nf3 c6 7. Bh6 Qa5 8. Bxg7
Kxg7 9. Be2 Bg4 10. O-O Nbd7 11. a4 e5 12. dxe5 dxe5 13. Rfb1 Qb4 14. Qe3 a5
15. b3 Bxf3 16. Bxf3 Rfd8 17. Rd1 Qc5 18. Qxc5 Nxc5 19. h4 Rd4 20. Rxd4 exd4
21. Ne2 d3 22. cxd3 Nxd3 23. Nc3 Nc5 24. e5 Nfd7 25. Re1 Re8 26. e6 Rxe6 27.
Rxe6 fxe6 28. Bd1 Nf6 29. f3 Nd5 30. Nxd5 cxd5 31. f4 Kf6 32. Kf2 e5 33. fxe5+
Kxe5 34. Ke3 h6 35. g3 b6 36. Bc2 Ne4 37. g4 g5 38. hxg5 hxg5 39. Bd1 d4+ 40.
Kf3 Nc5 41. Ke2 Kf4 42. Kd2 Ke4 43. Ke2 d3+ 44. Kd2 Kd4 0-1

[Event "Scottish International Open"]
[Site "Edinburgh, Scotland"]
[Date "2015.07.15"]
[Round "5"]
[White "Rooze, Jan"]
[Black "Burnett, Andrew"]
[Result "1-0"]
[WhiteElo "2316"]
[BlackElo "2249"]
[PlyCount "31"]
[EventDate "2015.??.??"]
[Source "ChessScotland"]
[SourceDate "2015.07.19"]
[WhiteClock "0:33:22"]
[BlackClock "0:38:23"]

1. e4 c5 2. Nf3 d6 3. Bb5+ Nd7 4. d4 Ngf6 5. Nc3 a6 6. Bxd7+ Nxd7 7. O-O e6 8.
Bg5 Qc7 9. Re1 f6 10. Be3 cxd4 11. Nxd4 Ne5 12. f4 Nc4 13. f5 Nxb2 14. Qh5+ g6
15. fxg6 hxg6 16. Qxh8 1-0

[Event "Scottish International Open"]
[Site "Edinburgh, Scotland"]
[Date "2015.07.15"]
[Round "5"]
[White "Korneev, Oleg"]
[Black "Grant, Jonathan I M"]
[Result "1-0"]
[WhiteElo "2567"]
[BlackElo "2211"]
[PlyCount "60"]
[EventDate "2015.??.??"]
[Source "ChessScotland"]
[SourceDate "2015.07.19"]
[WhiteClock "0:09:34"]
[BlackClock "0:30:26"]

1. e4 c6 2. d4 d5 3. e5 Bf5 4. Nf3 e6 5. Be2 Nd7 6. O-O h6 7. Nbd2 Ne7 8. Nb3
Bh7 9. Bd2 Nc8 10. a4 a6 11. a5 Be7 12. c4 Na7 13. Rc1 dxc4 14. Bxc4 Nb5 15.
Qe2 Nc7 16. Rfd1 O-O 17. Nc5 Nxc5 18. dxc5 Nd5 19. b4 Rc8 20. h3 Rc7 21. Bxd5
exd5 22. Nd4 Re8 23. Qg4 Kh8 24. Re1 Qc8 25. e6 Bf6 26. Bf4 Rce7 27. Bd6 Rxe6
28. Nxe6 Rxe6 29. Rxe6 fxe6 30. Re1 Be4 1-0

[Event "Scottish International Open"]
[Site "Edinburgh, Scotland"]
[Date "2015.07.15"]
[Round "5"]
[White "Farago, Ivan"]
[Black "Lapidus, Mark"]
[Result "1-0"]
[WhiteElo "2417"]
[BlackElo "2202"]
[PlyCount "67"]
[EventDate "2015.??.??"]
[Source "ChessScotland"]
[SourceDate "2015.07.19"]
[WhiteClock "0:11:06"]
[BlackClock "0:01:27"]

1. d4 d5 2. c4 e6 3. Nf3 Nf6 4. Nc3 c6 5. e3 Nbd7 6. Qc2 Bd6 7. Bd3 dxc4 8.
Bxc4 a6 9. O-O O-O 10. Rd1 Qc7 11. Bd2 b5 12. Bd3 c5 13. Ne4 c4 14. Nxd6 Qxd6
15. Be2 Bb7 16. b3 Rfc8 17. bxc4 bxc4 18. Rac1 Rab8 19. Be1 Be4 20. Qc3 Nd5 21.
Qa1 N5b6 22. Nd2 Ba8 23. f3 Qd5 24. Bg3 Rb7 25. Ne4 Rc6 26. Nc5 Ra7 27. e4 Qg5
28. Bf2 Rc8 29. Qc3 h6 30. Bxc4 e5 31. Qb3 exd4 32. Nxd7 Nxc4 33. Rxc4 Rxc4 34.
Qb8+ 1-0

[Event "Scottish International Open"]
[Site "Edinburgh, Scotland"]
[Date "2015.07.15"]
[Round "5"]
[White "Thorarinsson, Pall A"]
[Black "Arakhamia Grant, Ketevan"]
[Result "1/2-1/2"]
[WhiteElo "2208"]
[BlackElo "2374"]
[PlyCount "90"]
[EventDate "2015.??.??"]
[Source "ChessScotland"]
[SourceDate "2015.07.19"]
[WhiteClock "0:38:28"]
[BlackClock "0:25:35"]

1. d4 d5 2. c4 e6 3. Nc3 Be7 4. Nf3 Nf6 5. Bg5 Nbd7 6. cxd5 exd5 7. e3 h6 8.
Bh4 O-O 9. Bd3 c6 10. O-O Re8 11. Qc2 Ne4 12. Bxe7 Qxe7 13. Rae1 Ndf6 14. Ne5
Nxc3 15. Qxc3 Ne4 16. Qc2 f6 17. Ng6 Qf7 18. Nf4 g5 19. f3 gxf4 20. fxe4 dxe4
21. Bxe4 f5 22. Bd3 Rxe3 23. Rxe3 fxe3 24. Bc4 Be6 25. Bxe6 Qxe6 26. Qxf5 Re8
27. Qxe6+ Rxe6 28. Re1 Re4 29. g3 Kf7 30. Kg2 Rxd4 31. Kf3 Rd2 32. Re2 Kf6 33.
Kxe3 Rxe2+ 34. Kxe2 Kf5 35. Kf3 h5 36. h3 Ke5 37. g4 h4 38. Ke3 c5 39. Kd3 b5
40. b3 Kf4 41. a4 a6 42. a5 Ke5 43. Ke3 Kd5 44. Kd3 Ke5 45. Ke3 Kd5 1/2-1/2